| 000 | 00921nam a2200253Ia 4500 | ||
|---|---|---|---|
| 003 | OSt | ||
| 005 | 20220923211431.0 | ||
| 006 | a|||||r|||| 00| 0 | ||
| 007 | ta | ||
| 008 | 220922b |||||||| |||| 00| 0 hin d | ||
| 020 |
_a9789350001141 (hbk) _c250 |
||
| 024 | _a242,182 | ||
| 037 |
_b490, 03/03/2010, Vani Prakashan _cTextual |
||
| 040 |
_aARTS _cARTS _bhin |
||
| 041 |
_2hin _ahin |
||
| 082 | _aO152,1:gN, M2;P9 | ||
| 100 | _aतिवारी, नित्यानंद | ||
| 245 | 0 | _aआधुनिक साहित्य और इतिहास - बोध | |
| 246 | _aĀdhunik sāhitya aur itihās - bodha | ||
| 260 |
_aनयी दिल्ली _b वाणी प्रकाशन _c2009 |
||
| 300 |
_a155पृ. _ccm. |
||
| 942 |
_hO152,1:gN, M2;P9 _cTEXL _2CC |
||
| 999 |
_c299452 _d299452 |
||